000 02247nam a2200373 c 4500
003 BLK
005 20180420223419.0
008 180408b bul|||||r ||||||| ||bul||
010 _aKNG00070341000
020 _a978-954-91982-1-8
_bиздат.: Сдружение Партньорство за инициативи развитие и устойчивост
040 _aBLK
041 _aBUL
_cBUL
080 _aТуризмът от стопанско гледище. Политика по отношение на туризма. Икономика и организация на туризма. Вътрешен и международен туризъм. Вж и 379.8
_b338.48
_x(035)
_z338.48(035)
080 _aТуризъм. Алпинизъм. Ориентиране. Международен туризъм вж 338.48 и 379.85
_b796.5
_x(035)
_z796.5(035)
100 1 _aДимитрова, Елица
_eпърви автор
_9292758
700 1 _aЧакърова, Мариета
_eсъавт.
_9292759
700 1 _aЙонков, Радослав
_eсъавт.
_9292760
700 1 _aНедялкова, Елица Димитрова
_e*
_9292761
139 _aДимитрова, Елица и др.
_bД 58
245 1 0 _aДобри практики в туризма
_bСправочник
_cЕлица Димитрова; съавт. Мариета Чакърова; съавт. Радослав Йонков; * Елица Димитрова Недялкова.
257 _aBGR
260 София
_bСдружение Партньорство за инициативи развитие и устойчивост
_c2006
_fСофия : Димитър Благоев
300 _a82 с.
_c20 см
380 _a3
500 _aИзд. на Свемар Консулт ООД. - Авт. отбелязани на гърба на загл. с. - Пълното име на първия авт. е Елица Димитрова Недялкова.
650 4 _aТуризъм - икономика и организация
_9263794
653 _aтуризъм
653 _aсправочници
852 _aЦб 230640
856 4 _qpdf
_u
856 4 _qpdf
_u
942 _cKNG
_n0
944 _aCR
_c05.01.2007
_kВаля_Йорданова
944 _aED
_c24.10.2011
_k
999 _c66055
_d66055